Petit Bac: Les Pokémon de type Insecte - Statistiques

Statistiques générales
  • Ce quiz a été pris 316 fois
  • Le résultat moyen est 12 sur 18
Statistiques - réponses
Lettre Pokémon % Correct
C Cancrelove / Carabing / Caratroc / Charmillon / Chenipan / Chenipotte / Cheniselle / Cheniti / Chrysacier / Chrysapile / Cizayox / Coconfort / Coléodôme / Couverdure / Coxy / Coxyclaque / Crabaraque / Crabicoque / Crikzik
99%
A Aéromite / Anorith / Apitrini / Apireine / Arakdo / Araqua / Armaldo / Armulys / Aspicot / Astronelle
98%
P Papilusion / Papilord / Papinox / Paras / Parasect / Pérégrain / Pomdepik / Prismillon / Pyrax / Pyronille
95%
M Manternel / Maskadra / Mélokrik / Migalos / Mimigal / Muciole / Munja / Mouscoto / Mygavolt
90%
D Dardargnan
84%
S Sarmurai / Scarabrute / Scarhino / Scobolide / Scolocendre / Sovkipou / Statitik
84%
B Beldeneige / Bérasca / Blindalys / Bombydou / Brutapode
83%
L Lançargot / Larvadar / Larveyette / Larvibule / Léboulérou / Lépidonille / Limaspeed / Lititerelle / Lucanon / Lumivole
83%
F Fermite / Filentrappe / Foretress / Frissonille
71%
Y Yanma / Yanmega
67%
N Ningale / Ninjask
59%
V Venipatte
56%
R Rampe-Ailes / Rapion / Rubombelle
55%
G Gambex / Genesect / Grillepattes
53%
E Escargaume
43%
H Hachécateur
43%
T Tarembulle / Tissemboule
30%
I Insédateur
11%
Aucun quiz correspondant
Distribution des résultats
% des personnes avec chaque résultat
Percentile par nombre de réponses
Votre historique - résultats
Vous n’avez pas pris ce quiz